| 000 | 00570nam a2200181 4500 | ||
|---|---|---|---|
| 001 | 123179 | ||
| 003 | ES-MaACL | ||
| 005 | 20251201193356.0 | ||
| 007 | t| | ||
| 008 | 070214q1955 sp r ||||0| spa d | ||
| 100 | 1 |
_aPschitt, Wladimir Oulianov. _994099 |
|
| 245 | 1 | 0 |
_aHistorias de locos / _cV. O. Pschitt ; presentación del doctor V.O. Pschitt por Juan B. Bergua. |
| 260 |
_aMadrid : _bEd. Ibéricas, _c[1955?] |
||
| 300 |
_a353 p ; _c16 cm. |
||
| 700 | 1 |
_aBergua, Juan B., _d1892-1991 _928018 |
|
| 852 |
_aES-MaACL _jC-10795 _bR.38785 |
||
| 999 |
_c123179 _d123179 |
||